000 01028cam a2200301 a 4500
001 3353262
003 OSt
005 20140310182245.0
008 870219s1987 oncb 000 1 eng
010 _a 86047576
020 _a0553270222
040 _aDLC
_cDLC
_dDLC
050 0 0 _aPS 3523.A446
_b.L236 1988
082 0 0 _aFIC
_bL19h 1987
100 1 _aL'Amour, Louis,
_d1908-1988.
_919404
245 1 4 _aThe haunted mesa /
_cLouis L'Amour.
260 _aNew York :
_bBantam Books,
_cc1988.
300 _a362 p. :
_c18 cm.
541 _j1
562 _e1
650 _aFiction
_9746
655 7 _aWestern stories.
_2gsafd
_95109
856 4 2 _3Publisher description
_uhttp://www.loc.gov/catdir/description/random0410/86047576.html
856 4 2 _3Contributor biographical information
_uhttp://www.loc.gov/catdir/enhancements/fy0703/86047576-b.html
856 4 1 _3Sample text
_uhttp://www.loc.gov/catdir/enhancements/fy0703/86047576-s.html
906 _a7
_bcbc
_corignew
_d1
_eocip
_f19
_gy-gencatlg
942 _2lcc
_cBK-FIC
999 _c11229
_d11229